|
|
|
|
| LEADER |
00860cam a2200229 7i4500 |
| 001 |
0000034751 |
| 005 |
20171207090000.0 |
| 007 |
##ta |
| 008 |
171207t2017 my pc 0 eng |
| 040 |
# |
# |
|a MATR
|
| 090 |
0 |
0 |
|a M 621.3025595
|b ELE
|
| 245 |
0 |
0 |
|a TEEAM MEMBERS DIRECTORY 2017-2018.
|
| 264 |
# |
1 |
|a Kuala Lumpur:
|b The Electrical and Electronics Association of Malaysia,
|c 2017.
|
| 300 |
# |
# |
|a 196 pages;
|c 30 cm.
|
| 336 |
# |
# |
|a text
|2 rdacontent
|
| 337 |
# |
# |
|a unmediated
|2 rdamedia
|
| 338 |
# |
# |
|a volume
|2 rdacarrier
|
| 650 |
# |
0 |
|a Electronic industries --
|x Directories --
|z Malaysia
|
| 650 |
# |
0 |
|a Electric Industries --
|x Directories --
|z Malaysia
|
| 710 |
2 |
# |
|a The Electrical and Electronics Association of Malaysia
|
| 999 |
|
|
|a 0000039969
|b Directories
|c Malaysia
|e Business Information Centre
|
| 999 |
|
|
|a 0000039968
|b Directories
|c Malaysia
|e Business Information Centre
|